000
00263nam a2200097Ia 4500
001
887429
005
20250826182835.0
008
250824s9999 xx 000 0 und d
245
0
_a
MUHTEŞEM SÜLEYMEN VE HUREM SULTAN
_c
YAVUZ BAHADIROĞLU
260
_b
PANAMA YAYINLARI
999
_c
887429
_d
887429